Giáo trình thực hành Photoshop : Hướng dẫn từng bước dùng cho các phiên bản Photoshop CC - CS6 - CS5
Quyển sách đã sưu tầm và cung cấp tài liệu học tập giáo trình Photoshop chuẩn xác và đầy đủ, phù hợp với cả đối tượng người mới bắt đầu học chương trình cơ bản và người cần học photoshop nâng cao để phục vụ cho công việc của mình....
Na minha lista:
| Autor principal: | |
|---|---|
| Formato: | Livro |
| Idioma: | Undetermined |
| Publicado em: |
Hà Nội
Thanh niên
2018
|
| Assuntos: | |
| Tags: |
Adicionar Tag
Sem tags, seja o primeiro a adicionar uma tag!
|
| Thư viện lưu trữ: | Trung tâm Học liệu Trường Đại học Cần Thơ |
|---|
| LEADER | 01048nam a2200205Ia 4500 | ||
|---|---|---|---|
| 001 | CTU_230964 | ||
| 008 | 210402s9999 xx 000 0 und d | ||
| 020 | |c 120000 | ||
| 082 | |a 006.68 | ||
| 082 | |b H523 | ||
| 100 | |a Phạm, Quang Huy | ||
| 245 | 0 | |a Giáo trình thực hành Photoshop : | |
| 245 | 0 | |b Hướng dẫn từng bước dùng cho các phiên bản Photoshop CC - CS6 - CS5 | |
| 245 | 0 | |c Phạm Quang Huy | |
| 260 | |a Hà Nội | ||
| 260 | |b Thanh niên | ||
| 260 | |c 2018 | ||
| 520 | |a Quyển sách đã sưu tầm và cung cấp tài liệu học tập giáo trình Photoshop chuẩn xác và đầy đủ, phù hợp với cả đối tượng người mới bắt đầu học chương trình cơ bản và người cần học photoshop nâng cao để phục vụ cho công việc của mình. | ||
| 650 | |a Photoshop (Chương trình máy tính),Photoshop (Computer programs) | ||
| 980 | |a Trung tâm Học liệu Trường Đại học Cần Thơ | ||